000 00683cam a2200205 4500
001 WB3610-11
008 000000n2000 000 0 eng u
035 _a(Sirsi) u104730
245 _aPrefab potential
260 _c2000
490 _aContract Journal
_v 402(6267) 8 March 2000, 8(1)
520 _aThere is a reluctance to use prefabrication techniques because of the limited availibilty of products and a fear that components are too costly.
590 _aWB
650 _aCONSTRUCTION INDUSTRY
650 _aPREFABRICATION
650 _aBUILDING RESEARCH ESTABLISHMENT
650 _aBUILT ENVIRONMENT
690 _aBUILT ENVIRONMENT-BUILDING MATERIALS
942 _n0
999 _c62825
_d62825